000 01037nam a2200265 a 4500
001 13180
003 BD-JhCC
005 20230720083217.0
008 230720s20162018bg |||| |||| 000 0 eng d
020 _a9789849103257
035 _a(BD-JhCC)13180
040 _aBD-JhCC
_dBD-JhCC
041 _aben
082 _a297.18
_bALM 2018
100 _aআল মিনশাবি, শায়েখ সিদ্দিক
245 _aহযরত ওমর রা. -এর ১০০ ঘটনা /
_cশায়েখ সিদ্দিক আল মিনশাবি; মুফতি আমিনুল ইসলাম (অনু.)
260 _aঢাকা :
_bআনোয়ারা লাইব্রেরি,
_c২০১৮
300 _a১১০ পৃ. :
_c২১ সেমি.
490 _aশতো ঘটনা সিরিজ-০২
600 _aHazrat Omor Ra.
650 _aMuslim legend
650 _ajuvenile literature
700 _aইসলাম, মুফতি আমিনুল
942 _2ddc
_cBK
999 _c13180
_d13180